[Event "Spring Catalan"]
[Site "SchemingMind.com"]
[Date "2022.02.18"]
[Round "-"]
[White "Clive Everill"]
[Black "Contenchess"]
[Result "1-0"]
[WhiteCountry "CZE"]
[BlackCountry "CAN"]
[WhiteElo "1671"]
[WhiteRD "58"]
[BlackElo "896"]
[BlackRD "85"]
[GameID "720932"]

1. d4 Nf6 2. c4 e6 3. g3 d5 4. Bg2 c6 5. Nf3 dxc4 6. O-O b5 7. a4 Bb7 8. Ne5 Qc7 9. Bf4 Bd6 10. axb5 cxb5
11. Bxb7 Qxb7 12. Nxf7 Bxf4 13. Nxh8 Bh6 14. e3 Kf8 15. Nc3 Kg8 16. Ng6 hxg6 17. Ra5
1-0

[Event "Spring Catalan"]
[Site "SchemingMind.com"]
[Date "2022.02.18"]
[Round "-"]
[White "Contenchess"]
[Black "Clive Everill"]
[Result "0-1"]
[WhiteCountry "CAN"]
[BlackCountry "CZE"]
[WhiteElo "896"]
[WhiteRD "85"]
[BlackElo "1671"]
[BlackRD "58"]
[GameID "720933"]

1. d4 Nf6 2. c4 e6 3. g3 Bb4+ 4. Bd2 Be7 5. Bg2 d5 6. cxd5 exd5 7. Nc3 O-O 8. Nf3 c6 9. O-O Bf5 10. Re1 Na6
11. a3 Qb6 12. b4 Rfe8 13. e3 Ne4
0-1

[Event "Spring Catalan"]
[Site "SchemingMind.com"]
[Date "2022.02.28"]
[Round "-"]
[White "Clive Everill"]
[Black "Phillip Beckett"]
[Result "1-0"]
[WhiteCountry "CZE"]
[BlackCountry "ENG"]
[WhiteElo "1671"]
[WhiteRD "58"]
[BlackElo "1429"]
[BlackRD "53"]
[GameID "721167"]

1. d4 Nf6 2. c4 e6 3. g3 d5 4. Bg2 c6 5. b3 Nbd7 6. Nf3 Be7 7. O-O O-O 8. Qc2 dxc4 9. bxc4 c5 10. e4 cxd4
11. Nxd4 Nb6 12. Rd1 Qc7 13. Nd2 Bd7 14. Qd3 Ba4 15. N4b3 Rad8 16. Qc3 Bxb3 17. axb3 a6 18. Bb2 Ne8 19. Nf3 Nf6 20. g4 Ne8
21. g5 f6 22. Rxd8 Qxd8 23. Bh3 e5 24. Be6+ Kh8 25. g6 hxg6 26. Ng5 fxg5 27. Qh3#
1-0

[Event "Spring Catalan"]
[Site "SchemingMind.com"]
[Date "2022.02.28"]
[Round "-"]
[White "Phillip Beckett"]
[Black "Clive Everill"]
[Result "0-1"]
[WhiteCountry "ENG"]
[BlackCountry "CZE"]
[WhiteElo "1429"]
[WhiteRD "53"]
[BlackElo "1671"]
[BlackRD "58"]
[GameID "721168"]

1. d4 Nf6 2. c4 e6 3. g3 c5 4. Nf3 cxd4 5. Nxd4 d5 6. cxd5 Qxd5 7. Nf3 Qxd1+ 8. Kxd1 Bc5 9. Bg2 O-O 10. e3 Ne4
11. Ke2 Bd7 12. Nbd2 Bb5+ 13. Ke1 Nxd2 14. Bxd2 Nc6 15. Bc3 Nb4 16. Bxb4 Bxb4+ 17. Kd1 Rfd8+ 18. Kc2 Rac8+ 19. Kb3 a5 20. Rac1 Rd3+
21. Rc3 Bxc3 22. bxc3 Rdxc3+ 23. Kb2 Rc2+ 24. Kb3 R8c3#
0-1

[Event "Spring Catalan"]
[Site "SchemingMind.com"]
[Date "2022.03.03"]
[Round "-"]
[White "Phillip Beckett"]
[Black "Contenchess"]
[Result "1-0"]
[WhiteCountry "ENG"]
[BlackCountry "CAN"]
[WhiteElo "1429"]
[WhiteRD "53"]
[BlackElo "896"]
[BlackRD "85"]
[GameID "721169"]

1. d4 Nf6 2. c4 e6 3. g3 Bb4+ 4. Bd2 Qe7 5. a3 Bxd2+ 6. Nxd2 d5 7. Bg2 c5 8. cxd5 exd5 9. Ngf3 Bg4 10. O-O Nc6
11. h3 Bxf3 12. Nxf3 Rd8 13. e3 O-O 14. dxc5
1-0

[Event "Spring Catalan"]
[Site "SchemingMind.com"]
[Date "2022.03.03"]
[Round "-"]
[White "Contenchess"]
[Black "Phillip Beckett"]
[Result "0-1"]
[WhiteCountry "CAN"]
[BlackCountry "ENG"]
[WhiteElo "896"]
[WhiteRD "85"]
[BlackElo "1429"]
[BlackRD "53"]
[GameID "721170"]

1. d4 Nf6 2. c4 e6 3. g3 d5 4. Bg2 c6 5. cxd5 exd5 6. Nf3 Bd6 7. O-O O-O 8. Nc3 Re8 9. Bg5 Nbd7 10. Re1 Be7
11. a3 h6 12. Bxf6 Bxf6 13. e3 Nf8 14. h3 Ne6
0-1

[Event "Spring Catalan"]
[Site "SchemingMind.com"]
[Date "2022.03.03"]
[Round "-"]
[White "Clive Everill"]
[Black "maro"]
[Result "1-0"]
[WhiteCountry "CZE"]
[BlackCountry "MEX"]
[WhiteElo "1671"]
[WhiteRD "58"]
[BlackElo "1453"]
[BlackRD "62"]
[GameID "721261"]

1. d4 Nf6 2. c4 e6 3. g3 c6 4. Bg2 d5 5. Nf3 dxc4 6. O-O h6 7. Nc3 Bb4 8. Bd2 O-O 9. a3 Ba5 10. Re1 Re8
11. e4 e5 12. dxe5 Ng4 13. Bf4 Na6 14. h3 Nxf2 15. Qxd8 Rxd8 16. Kxf2 g5 17. Be3 Bb6 18. Bf1 Nc5 19. Bxc4 Bxh3 20. Rh1 Bg4
21. Rxh6 Kg7 22. Bxg5 Nd3+ 23. Kg2 Nxe5 24. Nxe5 Rd2+ 25. Bxd2 Rd8 26. Bg5 Bd4 27. Nxg4
1-0

[Event "Spring Catalan"]
[Site "SchemingMind.com"]
[Date "2022.03.04"]
[Round "-"]
[White "maro"]
[Black "Clive Everill"]
[Result "0-1"]
[WhiteCountry "MEX"]
[BlackCountry "CZE"]
[WhiteElo "1453"]
[WhiteRD "62"]
[BlackElo "1671"]
[BlackRD "58"]
[GameID "721262"]

1. d4 Nf6 2. c4 e6 3. g3 c5 4. Bg2 cxd4 5. Qxd4 Nc6 6. Bxc6 bxc6 7. Nc3 Bb7 8. Nf3 Be7 9. O-O O-O 10. b3 c5
11. Qe3 Ng4 12. Qd2 a6 13. Qc2 d5 14. cxd5 exd5 15. Bb2 Bf6 16. Rad1 d4 17. Na4 Be7 18. Nxc5 Bxf3 19. Rxd4 Qb6 20. exf3 Ne5
21. Nd7 Nxd7 22. Rxd7 Rac8 23. Qe4 Bf6 24. Bxf6 Qxf6 25. Rd5 Rfe8 26. Qd3 h6 27. g4 Rc3 28. Rf5 Rxd3 29. Rxf6 gxf6
0-1

[Event "Spring Catalan"]
[Site "SchemingMind.com"]
[Date "2022.03.04"]
[Round "-"]
[White "maro"]
[Black "Phillip Beckett"]
[Result "0-1"]
[WhiteCountry "MEX"]
[BlackCountry "ENG"]
[WhiteElo "1453"]
[WhiteRD "62"]
[BlackElo "1429"]
[BlackRD "53"]
[GameID "721263"]

1. d4 Nf6 2. c4 e6 3. g3 d5 4. a3 Be7 5. Bg2 c6 6. c5 Nbd7 7. Nc3 O-O 8. Nf3 Re8 9. Qc2 Bf8 10. Bd2 e5
11. dxe5 Nxe5 12. Bf4 Nxf3+ 13. Bxf3 Bxc5 14. O-O Bg4 15. Bxg4 Nxg4 16. Be3 Bxe3 17. fxe3 Nxe3 18. Qd3 Nxf1 19. Rxf1 Qb6+ 20. Kh1 Re3
21. Qf5 Qc7 22. Nd1 Re7 23. Nf2 Qe5 24. Qh3 Qxe2 25. Kg1 Rae8 26. Ng4 Qxb2
0-1

[Event "Spring Catalan"]
[Site "SchemingMind.com"]
[Date "2022.03.03"]
[Round "-"]
[White "Phillip Beckett"]
[Black "maro"]
[Result "0-1"]
[WhiteCountry "ENG"]
[BlackCountry "MEX"]
[WhiteElo "1429"]
[WhiteRD "53"]
[BlackElo "1453"]
[BlackRD "62"]
[GameID "721264"]

1. d4 Nf6 2. c4 e6 3. g3 c6 4. Bg2 b6 5. Nc3 Bb4 6. Nf3 Ba6 7. O-O Bxc4 8. Re1 d5 9. e3 Ne4 10. Qc2 Nd7
11. a3 Bxc3 12. bxc3 c5 13. Nd2 Nxd2 14. Bxd2 cxd4 15. cxd4 Rc8 16. Qa4 b5 17. Qc2 O-O 18. Qd1 Qf6 19. Bb4 Rfe8 20. a4 bxa4
21. Qxa4 Nb6 22. Qxa7 Ra8 23. Qxb6 Rxa1 24. Rxa1 h6 25. Qc6 Rd8 26. Ra7 Rb8 27. Qc5 Kh7 28. h4 Qf5 29. Kh2 Qxf2 30. Qe7 Bf1
31. Qxf7 Qxg2#
0-1

[Event "Spring Catalan"]
[Site "SchemingMind.com"]
[Date "2022.03.07"]
[Round "-"]
[White "Clive Everill"]
[Black "Chessibelle"]
[Result "1-0"]
[WhiteCountry "CZE"]
[BlackCountry "ENG"]
[WhiteElo "1671"]
[WhiteRD "58"]
[BlackElo "1057"]
[BlackRD "62"]
[GameID "721367"]

1. d4 Nf6 2. c4 e6 3. g3 Be7 4. Bg2 d5 5. Nf3 h6 6. O-O O-O 7. c5 c6 8. Nc3 Qd7 9. Ne5 Qc7 10. Bf4 b6
11. Ng6 fxg6 12. Bxc7
1-0

[Event "Spring Catalan"]
[Site "SchemingMind.com"]
[Date "2022.03.07"]
[Round "-"]
[White "Chessibelle"]
[Black "Clive Everill"]
[Result "0-1"]
[WhiteCountry "ENG"]
[BlackCountry "CZE"]
[WhiteElo "1057"]
[WhiteRD "62"]
[BlackElo "1671"]
[BlackRD "58"]
[GameID "721368"]

1. d4 Nf6 2. c4 e6 3. g3 c5 4. Bd2 cxd4 5. e3 Bc5 6. Qc2 dxe3 7. fxe3 Qb6 8. Qc3 O-O 9. Nf3 Ne4 10. Qc1 Nc6
11. Be2 d5 12. O-O e5 13. cxd5 Nxd2 14. Nbxd2 Bxe3+ 15. Kg2 Nd4 16. Rb1 Bf5 17. Ra1 Nxe2 18. Qc4 Qh6 19. h4 Nxg3 20. Rae1 Rfc8
21. Qb3 Nxf1 22. Rxf1 Qg6+ 23. Kh1 Bxd2 24. Nxd2 Qg4 25. Nf3 Rc2 26. Rg1 Qh3+ 27. Nh2 Qxh2#
0-1

[Event "Spring Catalan"]
[Site "SchemingMind.com"]
[Date "2022.03.05"]
[Round "-"]
[White "maro"]
[Black "Chessibelle"]
[Result "1-0"]
[WhiteCountry "MEX"]
[BlackCountry "ENG"]
[WhiteElo "1453"]
[WhiteRD "62"]
[BlackElo "1057"]
[BlackRD "62"]
[GameID "721369"]

1. d4 Nf6 2. c4 e6 3. g3 Be7 4. Bg2 O-O 5. Nc3 Nc6 6. Bxc6 bxc6 7. Nf3 h6 8. Qc2 Kh8 9. e4 d5 10. e5 Nh7
11. c5 f6 12. Nh4 g5 13. Ng6+ Kg7 14. exf6+ Rxf6 15. Ne5 Qe8 16. h4 Bb7 17. hxg5 Rf5 18. g6 Ng5 19. f4 Nf3+ 20. Nxf3 Qxg6
21. Qh2 h5 22. Nh4 Qf6 23. Nxf5+ Qxf5 24. Bd2 Ba6 25. O-O-O Rh8 26. g4 Qxg4 27. Rdg1
1-0

[Event "Spring Catalan"]
[Site "SchemingMind.com"]
[Date "2022.03.05"]
[Round "-"]
[White "Chessibelle"]
[Black "maro"]
[Result "0-1"]
[WhiteCountry "ENG"]
[BlackCountry "MEX"]
[WhiteElo "1057"]
[WhiteRD "62"]
[BlackElo "1453"]
[BlackRD "62"]
[GameID "721370"]

1. d4 Nf6 2. c4 e6 3. g3 b6 4. Nf3 Bb7 5. Bg2 d5 6. Nbd2 dxc4 7. Nxc4 Ba6 8. Qd3 Bb4+ 9. Nfd2 Nd5 10. O-O Bd6
11. b3 b5 12. Ne5 b4 13. Qe4 Nd7 14. Ndf3 Nc3 15. Qe3 Nxe2+ 16. Kh1 O-O 17. Re1 Nxc1 18. Rexc1 Nf6 19. Nc6 Qd7 20. Nfe5 Bxe5
21. Qxe5 Ng4 22. Qe4 Nxf2+ 23. Kg1 Nxe4 24. Bxe4 Kh8 25. Rc2 Bb7 26. Ne5 Qxd4+ 27. Kg2 Qxe4+ 28. Nf3 Qxc2+ 29. Kh3 Bxf3
0-1

[Event "Spring Catalan"]
[Site "SchemingMind.com"]
[Date "2022.03.05"]
[Round "-"]
[White "Phillip Beckett"]
[Black "Chessibelle"]
[Result "1-0"]
[WhiteCountry "ENG"]
[BlackCountry "ENG"]
[WhiteElo "1429"]
[WhiteRD "53"]
[BlackElo "1057"]
[BlackRD "62"]
[GameID "721371"]

1. d4 Nf6 2. c4 e6 3. g3 Be7 4. Nc3 a6 5. Bg2 d6 6. Nf3 O-O 7. e3 c6 8. O-O b5 9. cxb5 axb5 10. e4 Nbd7
11. a3 d5 12. e5 Nh5 13. Nd2 g6 14. Nf3 f6 15. exf6 Nhxf6 16. Ng5 Kh8 17. Nxe6 Qe8 18. Nxf8 Nxf8 19. Re1 h5 20. Bg5 N8h7
21. Bxf6+ Nxf6 22. Qd2 Kg7 23. Qe2 Qd7 24. Qxe7+ Kh6 25. Qxd7 Bxd7 26. Re7 Bf5 27. Rf7 Ng8 28. h3 Rc8 29. Re1 g5 30. Rxf5 Kg6
31. Rfe5 Nf6 32. f4 g4 33. Rg5+ Kf7 34. Rge5 Rb8 35. Re7+ Kg6 36. R1e6 Kf5 37. Re5+ Kg6 38. f5+ Kh6 39. Ne2 Ra8 40. hxg4 hxg4
41. Nf4 Ra4 42. Ne2 Rc4 43. Kf2 Rc2 44. Ke3 Rxb2 45. R7e6 Rb3+ 46. Kf2 Rxa3 47. Rxf6+ Kg7 48. Rxc6 b4 49. Re7+ Kf8 50. Rb7 b3
51. Rc8#
1-0

[Event "Spring Catalan"]
[Site "SchemingMind.com"]
[Date "2022.03.05"]
[Round "-"]
[White "Chessibelle"]
[Black "Phillip Beckett"]
[Result "0-1"]
[WhiteCountry "ENG"]
[BlackCountry "ENG"]
[WhiteElo "1057"]
[WhiteRD "62"]
[BlackElo "1429"]
[BlackRD "53"]
[GameID "721372"]

1. d4 Nf6 2. c4 e6 3. g3 d5 4. e3 c6 5. Bd2 Nbd7 6. Nf3 Bd6 7. Be2 O-O 8. O-O Re8 9. Bd3 dxc4 10. Bxc4 e5
11. Bc3 exd4 12. Nxd4 Nb6 13. Bb3 Nbd5 14. Bd2 Bg4 15. f3 Bh3 16. Rf2 Nxe3 17. Bxe3 Bc5 18. Rd2 Bxd4 19. Qe1 Bxe3+ 20. Rf2 Qd4
21. Nc3 Bxf2+ 22. Qxf2 Qxf2+ 23. Kxf2 Be6 24. Bc2 Nd5 25. Ne4 Rad8 26. b3 Nb4 27. Bd1 Nd3+ 28. Ke3 Ne5 29. Ke2 Nxf3 30. Kxf3 Bd5
31. Kf4 Rxe4+ 32. Kf5 g6+ 33. Kg5 Kg7 34. Rc1 f6#
0-1

[Event "Spring Catalan"]
[Site "SchemingMind.com"]
[Date "2022.03.13"]
[Round "-"]
[White "Clive Everill"]
[Black "ray winteringham"]
[Result "1-0"]
[WhiteCountry "CZE"]
[BlackCountry "ENG"]
[WhiteElo "1671"]
[WhiteRD "58"]
[BlackElo "1453"]
[BlackRD "50"]
[GameID "721505"]

1. d4 Nf6 2. c4 e6 3. g3 Be7 4. Bg2 c6 5. Nf3 b6 6. Nc3 Bb7 7. Bg5 h6 8. Bd2 Na6 9. O-O d5 10. cxd5 exd5
11. Ne5 Bd6 12. Nd3 Qc7 13. Bh3 g5 14. Bf5 Nd7 15. e4 dxe4 16. Nxe4 O-O-O 17. a3 Kb8 18. b4 b5 19. a4 Qb6 20. Bc3 f6
21. Nxd6 Rhf8 22. a5 Qc7 23. Qg4 Qxd6 24. Rfe1 Nc7 25. Nc5 Nd5 26. Nxd7+ Kc7 27. Nxf8 Nxc3 28. Ne6+ Kb8 29. Nxd8 Qd5 30. Nxb7 Kxb7
31. Re7+ Ka6 32. Bc8#
1-0

[Event "Spring Catalan"]
[Site "SchemingMind.com"]
[Date "2022.03.14"]
[Round "-"]
[White "ray winteringham"]
[Black "Clive Everill"]
[Result "0-1"]
[WhiteCountry "ENG"]
[BlackCountry "CZE"]
[WhiteElo "1453"]
[WhiteRD "50"]
[BlackElo "1671"]
[BlackRD "58"]
[GameID "721506"]

1. d4 Nf6 2. c4 e6 3. g3 d5 4. c5 b6 5. Bg2 bxc5 6. Nf3 Nc6 7. O-O c4 8. Nc3 Bd7 9. Bd2 Rb8 10. Qc2 Be7
11. e3 Nb4 12. Qd1 Nd3 13. Qc2 Rxb2 14. Qd1 O-O 15. Qe2 Bb4 16. a3 Bxc3 17. Rab1 Rxb1 18. Rxb1 Bxd2 19. Nxd2 Ne8 20. h4 Nd6
21. Nf3 Ne4 22. Ra1 c5 23. Ne5 Nxe5 24. dxe5 Bc6 25. Bxe4 dxe4 26. Qxc4 Qd5 27. Qa6 Qxe5 28. Qxc6 Qxa1+ 29. Kg2 Qe5 30. a4 Rb8
31. Qa6 g6 32. Qxa7 Rb2 33. Qd7 Qf6 34. a5 Qxf2+ 35. Kh3 Qf5+ 36. g4 Qf3#
0-1

[Event "Spring Catalan"]
[Site "SchemingMind.com"]
[Date "2022.03.13"]
[Round "-"]
[White "maro"]
[Black "ray winteringham"]
[Result "1-0"]
[WhiteCountry "MEX"]
[BlackCountry "ENG"]
[WhiteElo "1445"]
[WhiteRD "64"]
[BlackElo "1379"]
[BlackRD "49"]
[GameID "721507"]

1. d4 Nf6 2. c4 e6 3. g3 Be7 4. Nc3 O-O 5. a3 a5 6. Bg2 c6 7. Nf3 d5 8. c5 b6 9. cxb6 Qxb6 10. Na4 Qc7
11. Bf4 Bd6 12. Ne5 Bb7 13. Rc1 Nbd7 14. Nxd7 Qxd7 15. Nb6 Qc7 16. Nxa8 Bxa8 17. O-O Bxf4 18. gxf4 Qxf4 19. e3 Qd6 20. Kh1 Bb7
21. h3 Ba6 22. Rg1 Rb8 23. Bf3 Rxb2 24. Rc2 Rb8 25. Bh5 g6 26. Be2 Ne4 27. Bxa6 Rb3 28. Qc1 c5 29. dxc5 Qxa6 30. c6 Qc8
31. f3 Nd6 32. a4 Nc4 33. Rg4 Qxc6 34. e4 Qb6 35. Qh6 Rxf3 36. Rc1 Qe3 37. Rh4 Qxh6 38. Rxh6 g5 39. exd5 exd5 40. Kg2 Ra3
41. h4 gxh4 42. Rxh4 Rxa4 43. Rg1 d4 44. Kf2+ Kf8 45. Rxh7 Ra2+ 46. Kf3 d3 47. Rh8+ Ke7 48. Re1+ Kf6 49. Rc1 Ra3 50. Rxc4 d2+
51. Ke2 Ra2 52. Ra8 Kg6 53. Ra6+ Kf5 54. Rc5+ Ke4 55. Rac6 Kd4 56. Rc4+ Kd5 57. R4c5+ Kd4 58. Rc3 Ke4 59. Re3+ Kd5 60. Rc7 Kd4
61. Rd7+ Kc4 62. Rxf7 a4 63. Rf4+ Kb5 64. Re5+ Ka6 65. Rf6+ Kb7 66. Re7+ Kc8 67. Rf8#
1-0

[Event "Spring Catalan"]
[Site "SchemingMind.com"]
[Date "2022.03.14"]
[Round "-"]
[White "ray winteringham"]
[Black "maro"]
[Result "0-1"]
[WhiteCountry "ENG"]
[BlackCountry "MEX"]
[WhiteElo "1453"]
[WhiteRD "50"]
[BlackElo "1453"]
[BlackRD "62"]
[GameID "721508"]

1. d4 Nf6 2. c4 e6 3. g3 b6 4. Bg2 c6 5. b4 Bxb4+ 6. Bd2 Na6 7. a3 Bxd2+ 8. Nxd2 O-O 9. Ngf3 Qe7 10. O-O d5
11. Qa4 Rb8 12. Qxc6 Bd7 13. Qxd7 Qxd7 14. Ne5 Qc8 15. Rfc1 Nd7 16. cxd5 Qe8 17. Nc6 Rc8 18. Nxa7 Rxc1+ 19. Rxc1 Qe7 20. Nc6 Qg5
21. Rb1 Qxd2
0-1

[Event "Spring Catalan"]
[Site "SchemingMind.com"]
[Date "2022.03.12"]
[Round "-"]
[White "Phillip Beckett"]
[Black "ray winteringham"]
[Result "1/2-1/2"]
[WhiteCountry "ENG"]
[BlackCountry "ENG"]
[WhiteElo "1466"]
[WhiteRD "55"]
[BlackElo "1379"]
[BlackRD "49"]
[GameID "721509"]

1. d4 Nf6 2. c4 e6 3. g3 Be7 4. Nf3 d6 5. Bg2 c6 6. O-O O-O 7. Nc3 b6 8. e4 Bb7 9. d5 c5 10. Bg5 h6
11. Be3 Nbd7 12. Qd2 e5 13. Rad1 Ng4 14. h3 Nxe3 15. Qxe3 Ba6 16. b3 Qb8 17. Nd2 Bg5 18. f4 Be7 19. f5 Bg5 20. Qf3 Be7
21. g4 g6 22. Qe3 Bg5 23. Qf2 Bf6 24. Qe3 g5 25. Nf3 b5 26. cxb5 Bxb5 27. Nxb5 Qxb5 28. Qd3 Qxd3 29. Rxd3 Rfb8 30. Rc1 Bd8
31. Nd2 Ba5 32. Nc4 Bc7 33. Rd2 f6 34. Rb2 Rb4 35. a3 Rb7 36. b4 cxb4 37. axb4 a5 38. bxa5 Rab8 39. Rcb1 Rxb2 40. Rxb2 Rxb2
41. Nxb2 Bxa5 42. Nc4 Bc3 43. Kf2 Bb4 44. Ke2 Kf7 45. Kd3 Nc5+ 46. Ke3 Ke7 47. Nb6 Kd8 48. Nc4 Kc7 49. Nb2 Bc3 50. Nd3 Bd4+
51. Ke2 Kb6 52. Nxc5 Kxc5 53. Kd3=
1/2-1/2

[Event "Spring Catalan"]
[Site "SchemingMind.com"]
[Date "2022.03.13"]
[Round "-"]
[White "ray winteringham"]
[Black "Phillip Beckett"]
[Result "1-0"]
[WhiteCountry "ENG"]
[BlackCountry "ENG"]
[WhiteElo "1379"]
[WhiteRD "49"]
[BlackElo "1466"]
[BlackRD "55"]
[GameID "721510"]

1. d4 Nf6 2. c4 e6 3. g3 d5 4. c5 Nbd7 5. Bg2 c6 6. Nf3 Be7 7. O-O O-O 8. b4 Re8 9. Bb2 Bf8 10. Nbd2 Ng4
11. h3 Nh6 12. Qc2 f6 13. a4 e5 14. dxe5 Nxe5 15. b5 Be6 16. Nxe5 fxe5 17. Bxe5 Bf5 18. Qc3 Qe7 19. f4 Qxc5+ 20. Qxc5 Bxc5+
21. Kh1 Nf7 22. Bb2 Rxe2 23. Bc1 Rae8 24. Nf3 Be4 25. Bd2 Bd3 26. Rfe1 Rxe1+ 27. Nxe1 Be4 28. Rb1 Bxg2+ 29. Nxg2 Re2 30. Bb4 Bxb4
31. Rxb4 Ra2 32. bxc6 Ra1+ 33. Kh2 Nd6 34. cxb7 Nxb7 35. Rxb7 Rxa4 36. Rd7 d4 37. Ne1 Ra2+ 38. Kg1 Ra3 39. Rxd4 a5 40. Nc2 Ra2
41. Ne3 a4 42. Nc4 a3 43. Rd1 Rc2 44. Nxa3 Rc3 45. Nb5 Rxg3+ 46. Kh2 Rf3 47. Rd4 Rf2+ 48. Kg3 Rf1 49. Rd7
1-0

[Event "Spring Catalan"]
[Site "SchemingMind.com"]
[Date "2022.03.13"]
[Round "-"]
[White "ray winteringham"]
[Black "Chessibelle"]
[Result "1-0"]
[WhiteCountry "ENG"]
[BlackCountry "ENG"]
[WhiteElo "1453"]
[WhiteRD "50"]
[BlackElo "1057"]
[BlackRD "62"]
[GameID "721511"]

1. d4 Nf6 2. c4 e6 3. g3 g6 4. Bg5 Be7 5. Bg2 O-O 6. a3 b6 7. Bxa8 c6 8. Nc3 d5 9. Qd3 Ba6 10. b3 Qc7
11. Qf3 Nbd7 12. Bxc6 Qxc6 13. e3 Qc7 14. Nge2 Nb8 15. Bxf6 Nc6 16. Bxe7 Qxe7 17. O-O Bc8 18. Rfb1 f5 19. cxd5 Nb8 20. dxe6 Bxe6
21. Qg2 h5 22. Nf4 Bd7 23. Nxg6 Qe8 24. Nxf8 Kxf8 25. Qd5 Be6 26. Qd6+ Kg7 27. Qc7+ Nd7 28. Qxa7 Kf6 29. Nb5 Qg8 30. d5 Bxd5
31. Qxd7 Be6 32. Qd4+ Kf7 33. Qxb6 Qg4 34. Rc1 Kf6 35. Nd4 Qe4 36. Nxe6
1-0

[Event "Spring Catalan"]
[Site "SchemingMind.com"]
[Date "2022.03.12"]
[Round "-"]
[White "Chessibelle"]
[Black "ray winteringham"]
[Result "0-1"]
[WhiteCountry "ENG"]
[BlackCountry "ENG"]
[WhiteElo "1057"]
[WhiteRD "62"]
[BlackElo "1453"]
[BlackRD "50"]
[GameID "721512"]

1. d4 Nf6 2. c4 e6 3. g3 Be7 4. Bd2 O-O 5. e3 Nc6 6. Bd3 d6 7. Nf3 h6 8. O-O b6 9. b3 Bb7 10. Be2 d5
11. Ne5 Bb4 12. Bc1 Qd6 13. f4 Qe7 14. Nd2 Qd8 15. Ndf3 a5 16. h4 Ne4 17. Bd3 Nxg3 18. Rf2 Qxh4 19. Nxh4 Nf5 20. Rh2 Bc3
21. Rb1 Bb4 22. Qe2 Rad8 23. Qg4 Nce7 24. Kf2 dxc4 25. Bxc4 Be4 26. Rb2 Ba3 27. Qe2 Bxb2 28. Bxb2 c5 29. Ke1 cxd4 30. Qf2 Nxe3
31. Bb5 Rc8 32. Qd2 Rfd8 33. Rh3 Rc2 34. Qh2 Rxh2 35. Rxh2 Rc8 36. Ba3 Ng6 37. Bd6 Nxh4 38. Rxh4 Ng2+
0-1

[Event "Spring Catalan"]
[Site "SchemingMind.com"]
[Date "2022.03.14"]
[Round "-"]
[White "Clive Everill"]
[Black "pmdpsp"]
[Result "0-1"]
[WhiteCountry "CZE"]
[BlackCountry "GER"]
[WhiteElo "1671"]
[WhiteRD "58"]
[BlackElo "1829"]
[BlackRD "88"]
[GameID "721544"]

1. d4 Nf6 2. c4 e6 3. g3 d5 4. Nf3 Be7 5. Bg2 O-O 6. O-O c5 7. dxc5 Bxc5 8. Qc2 Na6 9. a3 Bd6 10. b4 b6
11. Bg5 h6 12. Bd2 Bb7 13. Be3 Rc8 14. Nbd2 Ng4 15. Rac1 Nxe3 16. fxe3 dxc4 17. Nd4 Bxg2 18. Kxg2 Qg5 19. Rf3 b5 20. Qe4 Rfe8
21. Qb7 Nc7 22. Rcf1 f6 23. Ne4 Qe5 24. Nxd6 Qxd6 25. Qe4 Nd5 26. Qc2 Nxe3+ 27. Rxe3 Qxd4 28. Rff3 e5 29. Re4 Qb6 30. Ree3 a5
31. Qg6 axb4 32. axb4 Qd6 33. Rf5 Qf8 34. Rh5 Qf7 35. Qg4 c3 36. Rxh6 c2 37. Rf3 Re6 38. Rf5 c1=Q 39. Rg6 Qb7+ 40. Kh3 Qf1+
41. Kh4 Rc4
0-1

[Event "Spring Catalan"]
[Site "SchemingMind.com"]
[Date "2022.03.13"]
[Round "-"]
[White "pmdpsp"]
[Black "Clive Everill"]
[Result "1/2-1/2"]
[WhiteCountry "GER"]
[BlackCountry "CZE"]
[WhiteElo "1829"]
[WhiteRD "88"]
[BlackElo "1671"]
[BlackRD "58"]
[GameID "721545"]

1. d4 Nf6 2. c4 e6 3. g3 c5 4. d5 exd5 5. cxd5 b5 6. Bg2 d6 7. e4 Nbd7 8. Ne2 g6 9. Bf4 Ba6 10. b4 Nb6
11. a4 bxa4 12. bxc5 dxc5 13. e5 Nfd7 14. O-O Bg7 15. Re1 O-O 16. Nec3 Bb7 17. Nxa4 Nxa4 18. Rxa4 Re8 19. e6 fxe6 20. dxe6 Bxg2
21. Kxg2 Nb6 22. Qb3 Kh8 23. Rae4 Rc8 24. e7 Qd5 25. Qf3 Nc4 26. Nc3 Qf7 27. Nb5 a6 28. Nc7 Nb6 29. Nxe8 Rxe8 30. Qa3 Bd4
31. Qxa6 Nd5 32. Be5+ Bxe5 33. Rxe5 Nb4 34. Qb5 Nc2 35. Rc1 Nd4 36. Qd7 Qf3+ 37. Kh3 Rxe7 38. Qd8+ Kg7 39. Rxe7+ Kh6 40. Rxc5 Nf5
41. Qd2+ g5 42. Re6+ Kh5 43. Re4 Qxe4 44. Rxf5 Qxf5+ 45. Kg2 g4 46. Qe3 Qd5+ 47. f3 Qa2+ 48. Qf2 gxf3+ 49. Kxf3 Qd5+ 50. Ke2 Qb5+=
1/2-1/2

[Event "Spring Catalan"]
[Site "SchemingMind.com"]
[Date "2022.03.13"]
[Round "-"]
[White "maro"]
[Black "pmdpsp"]
[Result "0-1"]
[WhiteCountry "MEX"]
[BlackCountry "GER"]
[WhiteElo "1453"]
[WhiteRD "62"]
[BlackElo "1829"]
[BlackRD "88"]
[GameID "721546"]

1. d4 Nf6 2. c4 e6 3. g3 d5 4. Nc3 Be7 5. Nf3 O-O 6. Bf4 c5 7. cxd5 Nxd5 8. Nxd5 Qxd5 9. Bg2 c4 10. Nh4 Qa5+
11. Bd2 Qb6 12. Nf3 Qxb2 13. O-O Nc6 14. e3 c3 15. Bc1 Qxa1 16. Qd3 Nb4 17. Qe4 b6 18. Qxa8 Ba6 19. Qe4 Bxf1 20. Bxf1 Qxc1
21. a3 Nd5 22. h4 c2 23. Ng5 g6 24. f4 Nxe3
0-1

[Event "Spring Catalan"]
[Site "SchemingMind.com"]
[Date "2022.03.14"]
[Round "-"]
[White "pmdpsp"]
[Black "maro"]
[Result "1-0"]
[WhiteCountry "GER"]
[BlackCountry "MEX"]
[WhiteElo "1829"]
[WhiteRD "88"]
[BlackElo "1453"]
[BlackRD "62"]
[GameID "721547"]

1. d4 Nf6 2. c4 e6 3. g3 b6 4. Bg2 c6 5. Bg5 Be7 6. Nf3 Ne4 7. Bxe7 Qxe7 8. O-O Ba6 9. Qc2 d5 10. cxd5 cxd5
11. Nc3 O-O 12. Nxe4 Rc8 13. Qd2 dxe4 14. Ng5 Bxe2 15. Bxe4 Nc6 16. Bxh7+ Kf8 17. Rfe1 Bc4 18. Be4 a5 19. b3 Bb5 20. d5 Nb4
21. d6 Qd7 22. Bxa8 Rc2 23. Qf4 f5 24. Nxe6+ Kg8 25. Bd5 Nxd5 26. Qxf5 Nf6 27. Qxc2 Ba6 28. Rad1
1-0

[Event "Spring Catalan"]
[Site "SchemingMind.com"]
[Date "2022.03.14"]
[Round "-"]
[White "Phillip Beckett"]
[Black "pmdpsp"]
[Result "1/2-1/2"]
[WhiteCountry "ENG"]
[BlackCountry "GER"]
[WhiteElo "1466"]
[WhiteRD "55"]
[BlackElo "1848"]
[BlackRD "88"]
[GameID "721548"]

1. d4 Nf6 2. c4 e6 3. g3 c5 4. Bg2 cxd4 5. Qxd4 Nc6 6. Bxc6 bxc6 7. Bg5 Be7 8. Nc3 O-O 9. Nf3 c5 10. Qd2 Ba6
11. b3 Bb7 12. O-O d5 13. cxd5 exd5 14. Rad1 d4 15. Na4 Ne4 16. Bxe7 Qxe7 17. Qf4 f5 18. Qe5 Rfe8 19. Qxe7 Rxe7 20. Rc1 Rc8
21. h4 Rec7 22. Ne5 Nd6 23. Nc4 Nxc4 24. Rxc4 Ba6 25. Rc2 d3 26. exd3 Bxd3 27. Rfc1 Bxc2 28. Rxc2 Kf7 29. Nc3 g6 30. Nd5 Rd7
31. Nf4 a5 32. h5 g5 33. Nh3 h6 34. Kg2 a4 35. f3 axb3 36. axb3 Rb7 37. Rc3 Rb5 38. Nf2 Rd8 39. Nd3 Kf6 40. Nxc5 Rc8
41. Nd7+ Ke6 42. Rxc8 Kxd7 43. Rh8 Rb6 44. b4 Ke7 45. Rh7+ Kf8 46. b5 Kg8 47. Rc7 Rxb5 48. Rc6 Kg7 49. Rg6+ Kh7 50. Kh3 Rb1
51. Kg2 Rb2+ 52. Kh3= Rb1 53. Rf6 Rb5 54. g4 Kg7 55. Rg6+ Kh7 56. Rc6 Kg7 57. Rg6+ Kh7 58. Rc6 Re5 59. Rc7+ Kg8 60. Rc6 Kh7
61. Rc7+=
1/2-1/2